[Event "20e tournoi de Noël"]
[Site "Montigny le Bretonneux"]
[Date "2019.12.27"]
[Round "1.1"]
[White "Fruchard, Cyrille"]
[Black "Faris, Marouane"]
[Result "1-0"]
[WhiteElo "2283"]
[BlackElo "1563"]
[Annotator "Rivier,Sylvain"]
[PlyCount "51"]
[EventDate "2019.??.??"]

{Défense Grünfeld, variante Botvinnik} 1. d4 Nf6 2. c4 g6 3. Nc3 d5 4. Qb3 dxc4
5. Qxc4 Nc6 6. d5 Ne5 7. Qd4 Ned7 8. e4 Nb6 9. a4 a5 10. Bf4 Bg7 11. Nb5 Nh5
12. Nxc7+ Qxc7 13. Qxg7 Nxg7 14. Bxc7 Nd7 15. Bb5 O-O 16. Ne2 Ne8 17. Bd8 f5
18. Bxe7 Rf7 19. d6 Nef6 20. exf5 Nd5 21. fxg6 hxg6 22. Bg5 Nc5 23. Rd1 Rf5 24.
h4 Bd7 25. Bxd7 Nxd7 26. g4 1-0

[Event "20e tournoi de Noël"]
[Site "Montigny le Bretonneux"]
[Date "2019.12.27"]
[Round "1.2"]
[White "Sondermeijer, Damien"]
[Black "Ibazizen, Abdelatif"]
[Result "0-1"]
[WhiteElo "1503"]
[BlackElo "2015"]
[Annotator "Rivier,Sylvain"]
[PlyCount "42"]
[EventDate "2019.??.??"]

{Défense sicilienne, attaque Canal-Sokolsky} 1. e4 c5 2. Nf3 d6 3. Bb5+ Nd7 4.
c3 Ngf6 5. Qe2 e6 6. O-O Be7 7. d4 O-O 8. Bd3 e5 9. dxe5 dxe5 10. c4 Re8 11.
Nc3 h6 12. Nd5 Bf8 13. Qc2 Nb8 14. a3 Nc6 15. Nd2 Nd4 16. Qc3 Nh5 17. b4 Re6
18. Nb3 Rg6 19. bxc5 Nf3+ 20. Kh1 Qh4 21. gxf3 Qh3 0-1

[Event "20e tournoi de Noël"]
[Site "Montigny le Bretonneux"]
[Date "2019.12.27"]
[Round "1.3"]
[White "Larcheveque, Francois"]
[Black "Alluch Abdellach, Nordin"]
[Result "1-0"]
[WhiteElo "1985"]
[BlackElo "1458"]
[Annotator "Rivier,Sylvain"]
[PlyCount "40"]
[EventDate "2019.??.??"]

{Défense nimzo-indienne} 1. d4 Nf6 2. c4 e6 3. Nc3 c6 4. e4 d5 5. e5 Nfd7 6.
Nf3 b6 7. cxd5 cxd5 8. Bg5 Be7 9. Bxe7 Qxe7 10. Nb5 Ba6 11. Nc7+ Kf8 12. Nxa6
Nc6 13. Bd3 f5 14. exf6 Qxf6 15. O-O g5 16. Rc1 Ne7 17. Ne5 Nxe5 18. dxe5 Qxe5
19. Re1 Qd6 20. Nc7 Re8 1-0

[Event "20e tournoi de Noël"]
[Site "Montigny le Bretonneux"]
[Date "2019.12.27"]
[Round "1.4"]
[White "Longbien, Dominique"]
[Black "Drouot, Frederic"]
[Result "0-1"]
[WhiteElo "1413"]
[BlackElo "1976"]
[Annotator "Rivier,Sylvain"]
[PlyCount "100"]
[EventDate "2019.??.??"]

{Ouver Ouverture anglaise, variante Botvinnik} 1. c4 c5 2. g3 Nc6 3. Bg2 Nf6 4.
Nc3 e6 5. e3 Be7 6. Nge2 O-O 7. O-O d6 8. a3 a6 9. Rb1 Ne5 10. d3 Qc7 11. b4
Rb8 12. Qc2 b6 13. Ne4 Nxe4 14. Bxe4 Bb7 15. d4 Bxe4 16. Qxe4 f5 17. Qc2 Nf3+
18. Kg2 Qb7 19. d5 exd5 20. Nf4 dxc4 21. Qxc4+ Kh8 22. Qd5 Ne5 23. bxc5 dxc5
24. Bb2 Nd3 25. Bxg7+ Kxg7 26. Ne6+ Kf6 27. Qxb7 Rxb7 28. Nxf8 Bxf8 29. Rbd1 c4
30. a4 b5 31. axb5 axb5 32. Ra1 b4 33. Ra4 c3 34. Ra6+ Kf7 35. Ra8 Ne5 36. Rc8
b3 37. Rxc3 b2 38. Rb1 Bg7 39. Rc5 Ke6 40. Ra5 Nc4 41. Ra6+ Ke7 42. Rc6 Na3 43.
Rcc1 Nxb1 44. Rxb1 Rc7 45. Kf3 Rc1 46. Rxb2 Bxb2 47. Kf4 Kf6 48. h3 h5 49. f3
Rc4+ 50. e4 Bc1# 0-1

[Event "20e tournoi de Noël"]
[Site "Montigny le Bretonneux"]
[Date "2019.12.27"]
[Round "1.5"]
[White "Imbert, Christophe"]
[Black "Fruchard, Alois"]
[Result "1-0"]
[WhiteElo "1955"]
[BlackElo "1404"]
[Annotator "Rivier,Sylvain"]
[PlyCount "63"]
[EventDate "2019.??.??"]

{Défense Pirc} 1. e4 d6 2. Nf3 Nf6 3. Nc3 g6 4. Bc4 Bg7 5. O-O O-O 6. Bb3 Nc6
7. Re1 Bg4 8. h3 Bxf3 9. Qxf3 Nd4 10. Qd1 Nd7 11. Ne2 Nxb3 12. axb3 f5 13. Nf4
Qc8 14. Ne6 Rf6 15. Nxg7 Kxg7 16. exf5 Rxf5 17. Rxe7+ Rf7 18. Rxf7+ Kxf7 19. d3
Ne5 20. Qe2 Qf5 21. Ra4 Kg7 22. Rf4 Qe6 23. Re4 Qf6 24. Bd2 Kg8 25. f4 Nc6 26.
Bc3 Qf7 27. Re6 Qd7 28. Qg4 Qf7 29. Rf6 Qe7 30. Qg5 Re8 31. Qd5+ Kg7 32. Rf7+
1-0

[Event "20e tournoi de Noël"]
[Site "Montigny le Bretonneux"]
[Date "2019.12.27"]
[Round "1.6"]
[White "Sanchez-Narboni, Quentin"]
[Black "Delmas-Goyon, Francois"]
[Result "1-0"]
[WhiteElo "1352"]
[BlackElo "1916"]
[Annotator "Rivier,Sylvain"]
[PlyCount "121"]
[EventDate "2019.??.??"]

{Ouverture du pion dame} 1. d4 Nf6 2. Bf4 e6 3. e3 c5 4. c3 cxd4 5. exd4 Be7 6.
Bd3 O-O 7. Nf3 b6 8. Nbd2 Bb7 9. O-O d6 10. Re1 Re8 11. Qc2 Nbd7 12. Ng5 Nf8
13. Re2 h6 14. Nge4 Rc8 15. Bb5 Nd5 16. Bxd6 Bxd6 17. Bxe8 Bxh2+ 18. Kxh2 Qh4+
19. Kg1 Nf4 20. Bxf7+ Kxf7 21. Re3 Qg4 22. Rg3 Ne2+ 23. Kh2 Nxg3 24. Nd6+ Kg8
25. fxg3 Rc7 26. Nxb7 Rxb7 27. Qe4 Qh5+ 28. Kg1 Rf7 29. Re1 Qg5 30. Qd3 Qa5 31.
a3 b5 32. Re5 a6 33. Nb3 Qb6 34. Qe2 Rf6 35. Nc5 Qd6 36. Ne4 Qd8 37. Nxf6+ Qxf6
38. Qf3 Qg6 39. Re2 Qg5 40. Kh2 Qg6 41. d5 exd5 42. Qxd5+ Kh7 43. Qe4 Qxe4 44.
Rxe4 Nd7 45. b4 Nb6 46. Kh3 Kg8 47. Re6 Nd5 48. Rd6 Nxc3 49. Rxa6 Kf7 50. Kg4
g6 51. Rb6 h5+ 52. Kg5 Ne4+ 53. Kh6 Nxg3 54. Rxb5 Ne2 55. Rb7+ Kf6 56. Rb6+ Kf5
57. Rxg6 h4 58. Rg5+ Kf6 59. Rg4 Ng3 60. Rxg3 hxg3 61. Kh5 1-0

[Event "20e tournoi de Noël"]
[Site "Montigny le Bretonneux"]
[Date "2019.12.27"]
[Round "1.7"]
[White "Verat-Fayolle, Celian"]
[Black "Tanchoux, Pierre"]
[Result "1-0"]
[WhiteElo "1881"]
[BlackElo "1322"]
[Annotator "Rivier,Sylvain"]
[PlyCount "41"]
[EventDate "2019.??.??"]

{Partie italienne, guiocco piano} 1. e4 e5 2. Nf3 Nc6 3. Bc4 Bc5 4. c3 Nf6 5.
d4 exd4 6. cxd4 Bb4+ 7. Nc3 O-O 8. e5 Re8 9. O-O Bxc3 10. exf6 d5 11. Bd3 Bxd4
12. Nxd4 Nxd4 13. Bg5 g6 14. Bxg6 Bf5 15. Bxf5 Nxf5 16. Qg4 Qd7 17. Bh6+ Kh8
18. Bg7+ Kg8 19. Qg5 Rad8 20. g4 Nd4 21. Bh6+ 1-0

[Event "20e tournoi de Noël"]
[Site "Montigny le Bretonneux"]
[Date "2019.12.27"]
[Round "1.8"]
[White "Ries, Antoine"]
[Black "Surugue, Philippe"]
[Result "0-1"]
[WhiteElo "1313"]
[BlackElo "1867"]
[Annotator "Rivier,Sylvain"]
[PlyCount "70"]
[EventDate "2019.??.??"]

{Partie des trois cavaliers} 1. e4 e5 2. Nf3 Nc6 3. Nc3 d6 4. Be2 f5 5. d3 Nf6
6. Bg5 Be7 7. Bxf6 Bxf6 8. d4 exd4 9. Nd5 fxe4 10. Nxf6+ Qxf6 11. Nd2 d5 12.
Nb3 O-O 13. O-O a6 14. Qd2 b6 15. Rad1 Be6 16. Nxd4 Nxd4 17. Qxd4 Qxd4 18. Rxd4
c5 19. Rd2 d4 20. b3 Rf6 21. Re1 b5 22. Bf1 Bf5 23. g3 Re8 24. Bg2 Rfe6 25. h3
g5 26. g4 Bg6 27. Rde2 Kg7 28. Kf1 Kf6 29. Kg1 c4 30. Kh2 d3 31. cxd3 exd3 32.
Rxe6+ Rxe6 33. Rxe6+ Kxe6 34. Kg1 d2 35. Bf3 c3 0-1

[Event "20e tournoi de Noël"]
[Site "Montigny le Bretonneux"]
[Date "2019.12.27"]
[Round "1.9"]
[White "Benbakir, Chouaib"]
[Black "Montay, Jean-Paul"]
[Result "1-0"]
[WhiteElo "1864"]
[BlackElo "1298"]
[Annotator "Rivier,Sylvain"]
[PlyCount "103"]
[EventDate "2019.??.??"]

{Partie italienne, guiocco piano} 1. e4 e5 2. Nf3 Nc6 3. Bc4 Bc5 4. c3 d6 5. d4
Bb6 6. dxe5 Be6 7. Bxe6 fxe6 8. Bg5 Nge7 9. exd6 cxd6 10. O-O O-O 11. Nbd2 Qd7
12. Nc4 Bc7 13. Nfe5 Nxe5 14. Nxe5 Qe8 15. Bxe7 Qxe7 16. Nd3 Rad8 17. Qe2 d5
18. exd5 Rxd5 19. g3 e5 20. Rad1 e4 21. Nb4 Rxd1 22. Qxd1 Qc5 23. Qd5+ Qxd5 24.
Nxd5 Bd6 25. Re1 Bc5 26. Re2 Rf5 27. c4 Kf7 28. Kg2 b5 29. b3 b4 30. Ne3 Re5
31. Rd2 Bxe3 32. fxe3 Ke6 33. Rd8 Ra5 34. Rd2 Rf5 35. Rd4 Re5 36. g4 g5 37. Kg3
h6 38. h3 Ke7 39. h4 Ke6 40. h5 Ke7 41. Kf2 Ra5 42. Rxe4+ Kd6 43. Rd4+ Ke6 44.
Rd2 Ke5 45. Kf3 Rc5 46. e4 Ra5 47. Rd5+ Rxd5 48. cxd5 Kd6 49. Ke3 Ke5 50. Kd3
a6 51. Kc4 Kd6 52. Kd4 1-0

[Event "20e tournoi de Noël"]
[Site "Montigny le Bretonneux"]
[Date "2019.12.27"]
[Round "1.10"]
[White "Payot, Guillaume"]
[Black "Claisse, Patrick"]
[Result "0-1"]
[WhiteElo "1273"]
[BlackElo "1742"]
[Annotator "Rivier,Sylvain"]
[PlyCount "50"]
[EventDate "2019.??.??"]

{Défense Grünfeld, variante fermée} 1. d4 Nf6 2. c4 g6 3. Nc3 d5 4. Nf3 Bg7 5.
e3 O-O 6. Bd3 c5 7. O-O cxd4 8. Nxd4 Nc6 9. cxd5 Nxd4 10. exd4 Nxd5 11. Be3 b6
12. Be4 Bb7 13. Qf3 Nxe3 14. fxe3 Bxe4 15. Nxe4 e5 16. Nf6+ Bxf6 17. Qxf6 exd4
18. Qxd4 Qe7 19. Rfe1 Rad8 20. Qf4 Rd2 21. Rac1 Qe6 22. Qb4 Rfd8 23. a3 Qd5 24.
e4 Qg5 25. g3 Qh5 0-1

[Event "20e tournoi de Noël"]
[Site "Montigny le Bretonneux"]
[Date "2019.12.27"]
[Round "1.11"]
[White "Artieres, Michel"]
[Black "Quenehen, Nassim"]
[Result "1-0"]
[WhiteElo "1741"]
[BlackElo "1261"]
[Annotator "Rivier,Sylvain"]
[PlyCount "57"]
[EventDate "2019.??.??"]

{Partie écossaise} 1. e4 e5 2. Nf3 Nf6 3. d4 exd4 4. Nxd4 Nc6 5. Nxc6 bxc6 6.
Bg5 Be7 7. Bd3 Nxe4 8. Bxe7 Qxe7 9. O-O d5 10. Re1 Be6 11. Bxe4 dxe4 12. Rxe4
O-O 13. Nc3 Qd6 14. Rd4 Qe7 15. Qd2 Rad8 16. Rd1 Rxd4 17. Qxd4 c5 18. Qd2 h6
19. a3 Qg5 20. Qxg5 hxg5 21. Ne4 Bf5 22. Nxg5 Rb8 23. c3 f6 24. Nf3 Rxb2 25.
Kf1 Rb3 26. Rd5 Be4 27. Rd8+ Kh7 28. Nd2 Bf5 29. Nxb3 1-0

[Event "20e tournoi de Noël"]
[Site "Montigny le Bretonneux"]
[Date "2019.12.27"]
[Round "1.12"]
[White "Chaintreau, Maxime"]
[Black "Appavou, Calixte"]
[Result "0-1"]
[WhiteElo "1259"]
[BlackElo "1734"]
[Annotator "Rivier,Sylvain"]
[PlyCount "69"]
[EventDate "2019.??.??"]

{Gambit dame} 1. d4 d5 2. c4 c6 3. Nc3 Nf6 4. Nf3 e6 5. Bg5 Be7 6. e3 Nbd7 7.
Qc2 h6 8. Bf4 Nh5 9. Bg3 Nxg3 10. hxg3 Bf6 11. Bd3 a6 12. Rb1 O-O 13. c5 e5 14.
Be2 exd4 15. exd4 Re8 16. O-O Nf8 17. Bd3 Bg4 18. Nh2 Bd7 19. Ne2 Qc7 20. Rfd1
Re7 21. Qc3 Rae8 22. Nf4 Ne6 23. Nh5 Bxd4 24. Qc2 Bxc5 25. Bf5 Bb6 26. Qd2 Ng5
27. Nf3 Nxf3+ 28. gxf3 Bxf5 29. Rbc1 Bg6 30. Nf4 Qe5 31. Qb4 Ba7 32. Nd3 Bxd3
33. Rxd3 Qxg3+ 34. Kh1 Bxf2 35. Qg4 0-1

[Event "20e tournoi de Noël"]
[Site "Montigny le Bretonneux"]
[Date "2019.12.27"]
[Round "1.13"]
[White "Plantet, Marc"]
[Black "Vo, Bao Nam"]
[Result "1-0"]
[WhiteElo "1718"]
[BlackElo "1226"]
[Annotator "Rivier,Sylvain"]
[PlyCount "55"]
[EventDate "2019.??.??"]

{Gambit dame, défense slave, variante d'échange} 1. d4 d5 2. c4 c6 3. Nc3 Nf6
4. Nf3 Bf5 5. cxd5 cxd5 6. Qb3 Qd7 7. Ne5 Qc7 8. Bf4 Qc8 9. e4 Nxe4 10. Nxd5
Nd6 11. Nxf7 Kxf7 12. Bxd6 Qe6+ 13. Be5 Nc6 14. Be2 Nxe5 15. dxe5 Qxe5 16. O-O
Qxe2 17. Rfe1 Qc2 18. Qxb7 Re8 19. Rac1 Qa4 20. Nc7 Rd8 21. Qf3 Qg4 22. Qb3+ e6
23. h3 Qg6 24. Rc3 Bd6 25. Qb7 Rb8 26. Qf3 Bb4 27. Rxe6 Qg5 28. Rce3 1-0

[Event "20e tournoi de Noël"]
[Site "Montigny le Bretonneux"]
[Date "2019.12.27"]
[Round "1.14"]
[White "Rafalimanana, Hary"]
[Black "De Lagontrie, Jean"]
[Result "0-1"]
[WhiteElo "1210"]
[BlackElo "1699"]
[Annotator "Rivier,Sylvain"]
[PlyCount "70"]
[EventDate "2019.??.??"]

{Partie du pion dame} 1. d4 d5 2. Nf3 c6 3. Bf4 Nf6 4. e3 Bg4 5. Nc3 e6 6. a3
Bd6 7. Bg5 Nbd7 8. Be2 Qc7 9. h3 Bh5 10. O-O h6 11. Bxf6 Nxf6 12. b4 a6 13. Na4
Ne4 14. Nd2 Bxe2 15. Qxe2 Nxd2 16. Qxd2 O-O 17. Nb2 e5 18. dxe5 Bxe5 19. Rab1
Rfd8 20. Nd3 Bd6 21. Qe2 a5 22. Qh5 axb4 23. axb4 Ra2 24. c3 Rda8 25. f4 Rd2
26. Rfd1 Raa2 27. Rxd2 Rxd2 28. Rd1 Rxd1+ 29. Qxd1 Qe7 30. Qf3 Qf6 31. Qg4 Qxc3
32. Qc8+ Kh7 33. Qf5+ Kg8 34. Qc8+ Bf8 35. Qf5 f6 0-1

[Event "20e tournoi de Noël"]
[Site "Montigny le Bretonneux"]
[Date "2019.12.27"]
[Round "1.15"]
[White "Fayolle, Guy"]
[Black "Konate, Foune"]
[Result "1-0"]
[WhiteElo "1676"]
[BlackElo "1199"]
[Annotator "Rivier,Sylvain"]
[PlyCount "51"]
[EventDate "2019.??.??"]

{Défense Pirc} 1. e4 d6 2. d4 Nf6 3. Nc3 g6 4. Be3 Bg7 5. Qd2 h5 6. f3 Bd7 7.
O-O-O Nc6 8. Nge2 e5 9. Nd5 Nxd5 10. exd5 Ne7 11. dxe5 Bxe5 12. Bd4 Nxd5 13.
Bxe5 dxe5 14. Qxd5 Qe7 15. Qxb7 O-O 16. Qxc7 Rad8 17. Qd6 Qg5+ 18. f4 Qf5 19.
Qxe5 Qg4 20. h3 Qe6 21. Qxe6 Bxe6 22. Rxd8 Rxd8 23. Nc3 Bf5 24. Be2 h4 25. Rd1
Rxd1+ 26. Kxd1 1-0

[Event "20e tournoi de Noël"]
[Site "Montigny le Bretonneux"]
[Date "2019.12.27"]
[Round "1.16"]
[White "Trimbitasu, Elyas"]
[Black "Vadillo, Torre Ismael"]
[Result "0-1"]
[WhiteElo "1150"]
[BlackElo "1633"]
[Annotator "Rivier,Sylvain"]
[PlyCount "40"]
[EventDate "2019.??.??"]

{Partie espagnole, défense Steinitz} 1. e4 e5 2. Nf3 Nf6 3. Nc3 Nc6 4. Bb5 d6
5. d4 exd4 6. Nxd4 Bd7 7. Bxc6 bxc6 8. Bg5 Be7 9. Bxf6 Bxf6 10. Qd3 O-O 11.
O-O-O Qc8 12. Nf3 Be6 13. a3 Rb8 14. h4 Qb7 15. e5 Qxb2+ 16. Kd2 Bxe5 17. Nxe5
dxe5 18. Rb1 Qxa3 19. Ra1 Qe7 20. Rxa7 Rfd8 0-1

[Event "20e tournoi de Noël"]
[Site "Montigny le Bretonneux"]
[Date "2019.12.27"]
[Round "1.17"]
[White "Saint-Leger, Stephane"]
[Black "Beduoglu, Cassandra"]
[Result "1-0"]
[WhiteElo "1610"]
[BlackElo "1130"]
[Annotator "Rivier,Sylvain"]
[PlyCount "107"]
[EventDate "2019.??.??"]

{Partie du pion dame} 1. d4 d5 2. Nf3 Nf6 3. g3 Nc6 4. Bg2 b6 5. O-O Bb7 6. c4
e6 7. b3 g6 8. Bb2 Bg7 9. Nbd2 O-O 10. a3 Re8 11. Qc2 Qd7 12. e4 Ne7 13. e5 Ne4
14. Nxe4 dxe4 15. Nd2 Nf5 16. Nxe4 Nxd4 17. Bxd4 Qxd4 18. Nf6+ Bxf6 19. Bxb7
Rab8 20. Bc6 Bxe5 21. Bxe8 Rxe8 22. Rad1 Qc5 23. b4 Qc6 24. Rfe1 Bd6 25. Qe4
Qa4 26. Rd3 a5 27. b5 Bxa3 28. Ra1 Qc2 29. Raxa3 Qb1+ 30. Kg2 f5 31. Qc6 Rf8
32. Qxe6+ Rf7 33. Rd8+ Kg7 34. Qe5+ Kh6 35. Re3 Qc1 36. Qd5 Rf6 37. Rd7 f4 38.
h4 Rf5 39. Qg8 f3+ 40. Rxf3 Kh5 41. Rxh7+ Kg4 42. Qxg6+ Rg5 43. Qxg5+ Qxg5 44.
hxg5 Kxg5 45. Rxc7 a4 46. Rc8 a3 47. Rxa3 Kf5 48. Re3 Kg6 49. Re4 Kf5 50. Kf3
Kg5 51. Rf4 Kg6 52. Rg8+ Kh7 53. Rfg4 Kh6 54. Rh4# 1-0

[Event "20e tournoi de Noël"]
[Site "Montigny le Bretonneux"]
[Date "2019.12.27"]
[Round "1.18"]
[White "Delmas, Mathis"]
[Black "Benbakir, Ameur"]
[Result "0-1"]
[WhiteElo "1120"]
[BlackElo "1592"]
[Annotator "Rivier,Sylvain"]
[PlyCount "58"]
[EventDate "2019.??.??"]

{Défense sicilienne} 1. e4 c5 2. Nc3 d6 3. Nf3 Nc6 4. Bc4 Nf6 5. Ng5 Ne5 6.
Bb5+ Bd7 7. Bxd7+ Qxd7 8. d4 cxd4 9. Qxd4 g6 10. Nd5 Bg7 11. f4 Nc6 12. Nxf6+
Bxf6 13. Qd3 O-O 14. e5 Bxg5 15. fxg5 Nxe5 16. Qd4 Qc6 17. Qc3 Qxg2 18. Qd2
Nf3+ 19. Kd1 Qxh1+ 20. Ke2 Nxd2 21. Kxd2 Rac8 22. c3 Rc5 23. b4 Rxg5 24. Bb2
Qxh2+ 25. Kd3 Qxb2 26. Rd1 Rd5+ 27. Kc4 Rxd1 28. a3 Qxa3 29. b5 Qa4# 0-1

[Event "20e tournoi de Noël"]
[Site "Montigny le Bretonneux"]
[Date "2019.12.27"]
[Round "1.19"]
[White "Mongey, Alain"]
[Black "Boucher, Francis"]
[Result "1-0"]
[WhiteElo "1589"]
[BlackElo "1100"]
[Annotator "Rivier,Sylvain"]
[PlyCount "81"]
[EventDate "2019.??.??"]

{Partie du pion dame} 1. d4 d5 2. Bg5 f6 3. Bh4 Bf5 4. Nf3 Nc6 5. e3 Qd7 6. a3
e5 7. dxe5 Nxe5 8. Be2 a6 9. Nbd2 Bc5 10. b4 Nxf3+ 11. Bxf3 Be7 12. O-O Nh6 13.
h3 Be6 14. Bg3 Bd6 15. Bxd6 Qxd6 16. Nb3 b6 17. Nd4 c6 18. Nxe6 Qxe6 19. Rc1
O-O 20. Qd4 Rab8 21. Rfe1 Rfc8 22. e4 Qe5 23. Qxe5 fxe5 24. exd5 cxd5 25. Bxd5+
Nf7 26. Rxe5 Rd8 27. c4 Kf8 28. Rf5 Rd7 29. Re1 g6 30. Rf4 b5 31. Rxf7+ Rxf7
32. Bxf7 Kxf7 33. c5 Re8 34. Rxe8 Kxe8 35. f4 Kd7 36. Kf2 Kc6 37. g4 a5 38. Ke3
Kd5 39. f5 g5 40. f6 Ke6 41. bxa5 1-0

[Event "20e tournoi de Noël"]
[Site "Montigny le Bretonneux"]
[Date "2019.12.27"]
[Round "1.20"]
[White "Delmas, Enzo"]
[Black "Chaintreau, Thomas"]
[Result "0-1"]
[WhiteElo "1070"]
[BlackElo "1565"]
[Annotator "Rivier,Sylvain"]
[PlyCount "52"]
[EventDate "2019.??.??"]

{Défense sicilienne} 1. e4 c5 2. Nc3 g6 3. Nf3 Bg7 4. Bc4 e6 5. d3 Ne7 6. Be3
d6 7. O-O a6 8. a4 d5 9. exd5 exd5 10. Bxd5 Nxd5 11. Bxc5 Be6 12. Ng5 Qxg5 13.
Qf3 Nc6 14. Rfe1 Nxc3 15. Re3 Qxc5 16. Rae1 Nd4 17. Qxb7 Nce2+ 18. Kf1 O-O 19.
c3 Nc2 20. R1xe2 Nxe3+ 21. Rxe3 Rab8 22. Qxa6 Rxb2 23. d4 Bc4+ 24. Ke1 Bxd4 25.
cxd4 Qb4+ 26. Kd1 Qd2# 0-1

[Event "20e tournoi de NoÃ«l"]
[Site "Montigny le Bretonneux"]
[Date "2019.12.27"]
[Round "2.1"]
[White "Appavou, Calixte"]
[Black "Fruchard, Cyrille"]
[Result "0-1"]
[WhiteElo "1734"]
[BlackElo "2283"]
[Annotator "Rivier,Sylvain"]
[PlyCount "80"]
[EventDate "2019.??.??"]

{Partie du pion dame} 1. Nf3 d5 2. d4 Nf6 3. c3 c6 4. Qb3 Qb6 5. Nbd2 Bf5 6. e3
e6 7. Nh4 Nbd7 8. Nxf5 exf5 9. Qxb6 axb6 10. Bd3 g6 11. O-O Bd6 12. b3 O-O 13.
a4 Ne4 14. Nxe4 fxe4 15. Be2 f5 16. f3 exf3 17. Bxf3 Nf6 18. c4 Kf7 19. Ba3 Ke6
20. Bxd6 Kxd6 21. cxd5 Nxd5 22. Bxd5 Kxd5 23. Rac1 Rfe8 24. Kf2 Re4 25. g3 Rae8
26. Rc3 g5 27. a5 f4 28. exf4 gxf4 29. axb6 Rxd4 30. Kg2 Re2+ 31. Rf2 Rxf2+ 32.
Kxf2 fxg3+ 33. hxg3 Rb4 34. Kf3 Kd4 35. Re3 Rxb6 36. Re4+ Kc3 37. Rh4 Kxb3 38.
Rxh7 c5 39. Rc7 c4 40. Ke2 c3 0-1

[Event "20e tournoi de NoÃ«l"]
[Site "Montigny le Bretonneux"]
[Date "2019.12.27"]
[Round "2.2"]
[White "Ibazizen, Abdelatif"]
[Black "Plantet, Marc"]
[Result "0-1"]
[WhiteElo "2015"]
[BlackElo "1718"]
[Annotator "Rivier,Sylvain"]
[PlyCount "90"]
[EventDate "2019.??.??"]

{DÃ©fense Caro-Kann, variante principale} 1. e4 c6 2. d4 d5 3. Nd2 dxe4 4. Nxe4
Bf5 5. Ng3 Bg6 6. h4 h6 7. Nf3 e6 8. Ne5 Bh7 9. Bc4 Nd7 10. Qe2 Nxe5 11. dxe5
Ne7 12. Bb3 Nd5 13. Bd2 Be7 14. Ne4 O-O 15. g3 a5 16. c3 Qb6 17. O-O-O Qa6 18.
Qg4 Bf5 19. Qf3 b5 20. g4 Bh7 21. g5 h5 22. Bc2 Bxe4 23. Qxe4 g6 24. f4 b4 25.
c4 b3 26. Bxb3 a4 27. Bc2 Nb6 28. Bd3 c5 29. Bc3 Rfd8 30. Rhf1 Rd7 31. Be2 Rad8
32. Rxd7 Rxd7 33. Rg1 Nc8 34. Rd1 Rxd1+ 35. Bxd1 Bd8 36. Bf3 Ba5 37. Qd3 Ne7
38. Be4 Bxc3 39. Qxc3 Nc6 40. Bc2 Nd4 41. Qd3 Qc6 42. b4 axb3 43. Bxb3 Qh1+ 44.
Kb2 Qxh4 45. Qe4 Qf2+ 0-1

[Event "20e tournoi de NoÃ«l"]
[Site "Montigny le Bretonneux"]
[Date "2019.12.27"]
[Round "2.3"]
[White "De Lagontrie, Jean"]
[Black "Larcheveque, Francois"]
[Result "1-0"]
[WhiteElo "1699"]
[BlackElo "1985"]
[Annotator "Rivier,Sylvain"]
[PlyCount "81"]
[EventDate "2019.??.??"]

{DÃ©fense franÃ§aise, variante Tarrasch ouverte} 1. e4 e6 2. d4 d5 3. Nd2 a6 4.
Ngf3 c5 5. c3 Nc6 6. exd5 exd5 7. Bd3 c4 8. Nxc4 dxc4 9. Bxc4 Bd6 10. O-O Nf6
11. Re1+ Ne7 12. Bg5 O-O 13. h3 Qc7 14. Bxf6 gxf6 15. Bd3 Ng6 16. Qc2 Kg7 17.
Rad1 Bd7 18. Bf5 Rae8 19. h4 h5 20. c4 Qc8 21. Bxd7 Qxd7 22. c5 Bb8 23. g3 Qg4
24. Rxe8 Rxe8 25. Nh2 Qe4 26. Qxe4 Rxe4 27. Nf3 Kf8 28. Kf1 Ke8 29. Rd3 Kd7 30.
Rb3 Kc8 31. Rb6 Re6 32. Rxe6 fxe6 33. Ke2 Kd7 34. Kd3 Bc7 35. b4 Ne7 36. Kc4
Nd5 37. a4 Bd8 38. Ne1 Be7 39. Nd3 Bf8 40. b5 Be7 41. Nb2 1-0

[Event "20e tournoi de NoÃ«l"]
[Site "Montigny le Bretonneux"]
[Date "2019.12.27"]
[Round "2.4"]
[White "Drouot, Frederic"]
[Black "Fayolle, Guy"]
[Result "0-1"]
[WhiteElo "1976"]
[BlackElo "1676"]
[Annotator "Rivier,Sylvain"]
[PlyCount "82"]
[EventDate "2019.??.??"]

{Ouverture anglaise, variante sicilienne inversÃ©e} 1. c4 Nf6 2. Nc3 g6 3. e4
d6 4. g3 Bg7 5. Bg2 e5 6. Nge2 Nc6 7. d4 exd4 8. Nb5 Ne5 9. Nbxd4 Bd7 10. Qc2
O-O 11. O-O c5 12. Nf3 Nxf3+ 13. Bxf3 Bc6 14. Nc3 Nd7 15. Bg2 Ne5 16. Nd5 b5
17. cxb5 Bxb5 18. Rd1 Nc6 19. Nc3 Rb8 20. Nxb5 Rxb5 21. Rb1 Nd4 22. Qd3 Qb6 23.
b3 a5 24. Be3 Rb8 25. Bf1 Qc6 26. Bxd4 Bxd4 27. Qf3 R5b7 28. Bc4 Qe8 29. Bd5
Rb6 30. Rbc1 Qe7 31. Kg2 Kg7 32. Rd3 Rf8 33. Qd1 Rbb8 34. Qd2 f5 35. Qxa5 fxe4
36. Rxd4 Rxf2+ 37. Kxf2 Qf6+ 38. Ke1 Rf8 39. Rxe4 Qf1+ 40. Kd2 Rf2+ 41. Ke3
Qe2# 0-1

[Event "20e tournoi de NoÃ«l"]
[Site "Montigny le Bretonneux"]
[Date "2019.12.27"]
[Round "2.5"]
[White "Vadillo, Torre Ismael"]
[Black "Imbert, Christophe"]
[Result "0-1"]
[WhiteElo "1633"]
[BlackElo "1955"]
[Annotator "Rivier,Sylvain"]
[PlyCount "60"]
[EventDate "2019.??.??"]

{Ouverture du pion dame, dÃ©fense est-indienne avec fianchetto} 1. d4 Nf6 2.
Nf3 g6 3. g3 Bg7 4. Bg2 c5 5. c3 O-O 6. O-O d6 7. Nbd2 Nc6 8. a3 Bd7 9. e4 Qc7
10. Re1 Rac8 11. d5 Ne5 12. Nxe5 dxe5 13. c4 Ne8 14. Nf3 Nd6 15. Qc2 b5 16. b3
a5 17. Bb2 f6 18. Rab1 a4 19. Bf1 axb3 20. Qxb3 bxc4 21. Bxc4 Ra8 22. Qa2 Bh6
23. Kg2 Qc8 24. Ng1 Ra4 25. Bb3 Ra7 26. Bc1 Bg7 27. Bc4 Kh8 28. f3 Qa8 29. Re3
Re8 30. Rc3 f5 0-1

[Event "20e tournoi de NoÃ«l"]
[Site "Montigny le Bretonneux"]
[Date "2019.12.27"]
[Round "2.6"]
[White "Saint-Leger, Stephane"]
[Black "Verat-Fayolle, Celian"]
[Result "0-1"]
[WhiteElo "1610"]
[BlackElo "1881"]
[Annotator "Rivier,Sylvain"]
[PlyCount "54"]
[EventDate "2019.??.??"]

{Gambit dame, dÃ©fense Tarrasch, variante de Prague} 1. d4 d5 2. Nf3 c5 3. c4
e6 4. cxd5 exd5 5. g3 Nf6 6. Bg2 Nc6 7. O-O Be7 8. dxc5 Bxc5 9. a3 a5 10. Nc3
O-O 11. b3 d4 12. Nb5 Bf5 13. Nh4 Be4 14. Bxe4 Nxe4 15. Nf3 Qd5 16. Qd3 Nc3 17.
Nxc3 dxc3 18. e3 Qxb3 19. Rb1 Qa2 20. Rxb7 Bxa3 21. Qxc3 Bxc1 22. Rxc1 Nb4 23.
Ra1 Qd5 24. Rc7 Qxf3 25. Rc5 Rfd8 26. Rc4 Nd3 27. Rf1 Nxf2 0-1

[Event "20e tournoi de NoÃ«l"]
[Site "Montigny le Bretonneux"]
[Date "2019.12.27"]
[Round "2.7"]
[White "Surugue, Philippe"]
[Black "Mongey, Alain"]
[Result "1-0"]
[WhiteElo "1867"]
[BlackElo "1589"]
[Annotator "Rivier,Sylvain"]
[PlyCount "99"]
[EventDate "2019.??.??"]

{Partie du pion dame} 1. d4 d5 2. Bg5 Nf6 3. Bxf6 exf6 4. e3 c6 5. a3 Bd6 6.
Nc3 Bf5 7. Bd3 Qd7 8. Nf3 Bg4 9. h3 Bh5 10. g4 Bg6 11. Nh4 Bxd3 12. Qxd3 g6 13.
O-O-O Qc7 14. f4 b5 15. Ne2 a5 16. Nf3 Nd7 17. h4 Nb6 18. g5 f5 19. Ne5 b4 20.
axb4 axb4 21. b3 Ra3 22. Kd2 Bxe5 23. dxe5 Nc4+ 24. Ke1 Nb2 25. Qd4 Nxd1 26. e6
Rf8 27. exf7+ Rxf7 28. Kxd1 Qa7 29. Qxa7 Raxa7 30. Kd2 c5 31. h5 c4 32. Nd4
cxb3 33. Nxb3 Ra2 34. hxg6 hxg6 35. Rh8+ Rf8 36. Rh6 Rg8 37. Rh7 Ra6 38. Rb7
Ra4 39. Kd3 Kf8 40. Nc5 Ra3+ 41. Kd4 Rc3 42. Nd7+ Ke7 43. Nf6+ Kd6 44. Nxg8
Rxc2 45. Rxb4 Rd2+ 46. Kc3 Rd1 47. Rb6+ Kc5 48. Rxg6 d4+ 49. exd4+ Rxd4 50.
Rc6+ 1-0